000 00372nam a2200109Ia 4500
008 220216s9999 xx 000 0 und d
100 _aManoj N R
_cet al
245 0 _aSelf-crosslinkable plastic-rubber blend system based on poly(vinyl chloride) and acrylonitrile-co-Butadiend rubber
260 _bJournal of Applied Polymer Science
_c1993
300 _a133-142
942 _cJS
999 _c68587
_d68587